00306nam a22000857a 4500008004100000082002100041245010600062260004400168300000800212230626b xxu||||| |||| 00| 0 eng d a328.33bIPU 1994 aPlan of ActionbTo Correct Present Imbalances in the Participation of Men and Women in Political Life aGenevabInter-Parliamentary Unionc1994 a33p